| 000 | 00826nas a2200253 4500 | ||
|---|---|---|---|
| 001 | BR9213281 | ||
| 003 | BR-BrBNA | ||
| 005 | 20231205095243.0 | ||
| 007 | ta | ||
| 008 | 230509b bl.|||p| |||| 00| 00por d | ||
| 040 |
_aBR-BrBNA _bpor _cBiblioteca Nacional de Agricultura |
||
| 041 | _a(Pt) | ||
| 072 | _aL72 | ||
| 100 | 1 | _aCardoso, D. | |
| 100 | 1 | _aMilward-de-Azevedo, E.M.V. | |
| 100 | 1 | _aFaria, E.H.S. | |
| 245 | 1 | _aTaxa de emergencia de Cochliomyia hominivorax (Coquerel)(Diptera, Calliphoridae)exposta a diferentes substratos de pupacao, em laboratorio | |
| 650 | _aMiiase | ||
| 650 | _aMosca | ||
| 650 | _aBiologia | ||
| 773 | 0 |
_tAnais da Sociedade Entomologica do Brasil (Brazil) _xISSN 0301-8059 _g(1992), v. 21(1) p. 251-256 _wBR9213281 |
|
| 909 |
_a202311 _bLúcia _c55 _dLúcia Elande |
||
| 942 |
_2AGRIS _n0 _cANA |
||
| 999 |
_c149623 _d149623 |
||